000 00305nam a22001337a 4500
008 170223b xxu||||| |||| 00| 0 eng d
020 _a9780964575745
041 _aeng
080 _a616.31
100 _a5
101 _aSHK
245 _aPREPARE FOR SURGERY, HEAL FASTER
_cHUDDLESTON, P
942 _2udc
_cBK
999 _c6126
_d6126